Controversiarum de justitia et jure privatorum universo nova et theorica methodo in decem tractatus, et quatuor tomos digestarum

Detalles Bibliográficos
Autor principal: Haunold, Cristoph 1610-1689
Formato: Libro
Lenguaje:Latin
Publicado: Ingolstadii 1672
Materias:
Colección:Banco de datos
Acervo:Biblioteca Armando Olivares Carrillo de la Universidad de Guanajuato. Fondo Conventos
Descripción Física:4\t. f°
Tema general:Derecho civil
Notas:Marca de fuego: Convento de san Francisco de Salamanca, Gto.
Daños de humedad
LEADER 01024nam a22002050004500
035 |a 1264 
041 0 |a lat 
050 4 |a K623  |b H3 
100 1 |a Haunold, Cristoph  |d 1610-1689 
245 1 0 |a Controversiarum de justitia et jure privatorum universo nova et theorica methodo in decem tractatus, et quatuor tomos digestarum  |c authore R.P. Christophoro Haunoldo Societatis Jesu... 
260 |a Ingolstadii  |b apud Joannis Simonis Knab, typographi academici, p.m. viduam  |c 1672 
300 |a 4\t.  |c f° 
500 |a Marca de fuego: Convento de san Francisco de Salamanca, Gto.  
500 |a Daños de humedad 
505 0 0 |a t.4 Continens tractatum decimum et totius operis ultimum, de contractibus residuis, tam nominatis, quâm innominatis, tam bonae difei, quàm stricti juris  
650 1 0 |a Derecho civil 
949 |a CO. t. 4 (2802) 
942 |c GUANAJUATO 
943 |g Biblioteca Armando Olivares Carrillo de la Universidad de Guanajuato. Fondo Conventos 
999 |c 1145221  |d 1145221